Statistics for Forsetar Íslands - Presidents of Iceland

Click here to take the quiz!

General Stats

  • This quiz has been taken 11 times
  • The average score is 4 of 5

Answer Stats

KjörtímabilinuForseti% Correct
1996-Ólafur Ragnar Grímsson
90%
1980-1996Vigdís Finnbogadóttir
90%
1944-1952Sveinn Björnsson
70%
1968-1980Kristján Eldjárn
60%
1952-1968Ásgeir Ásgeirsson
40%

Score Distribution

Percentile by Number Answered

Percent of People with Each Score

Your Score History

You have not taken this quiz